| 000 | 01238nam a22003257a 4500 | ||
|---|---|---|---|
| 003 | CHAP | ||
| 005 | 20220817044501.0 | ||
| 008 | 110927s1974 mx r 00010 spa d | ||
| 010 | _a102241 | ||
| 011 | _a103213 | ||
| 035 | _a113902 | ||
| 040 | _cCHAP | ||
| 090 | _aFolleto 18081 | ||
| 110 | 2 |
_aComisión Nacional de Fruticultura. México. Departamentos de Estudios Económicos y de Desarrollo Comercial Frutícola _925776 |
|
| 245 | 1 | 0 |
_aProducción, industrialización y comercio de cítricos en México _c/por CONAFRUT. Departamentos de Estudios Económicos y de Desarrollo Comercial Frutícola |
| 260 |
_aMéxico, D.F. : _bCONAFRUT, _c1974 |
||
| 300 |
_a25 p. : _bcuadros |
||
| 490 |
_aSerie especial: Folleto _v; 24 |
||
| 590 |
_aBATCH-UPD _b10 _c20130110 _lUCH01 _h1608 |
||
| 590 |
_aBATCH-UPD _b10 _c20130410 _lUCH01 _h1003 |
||
| 590 |
_aBATCH-UPD _b10 _c20130914 _lUCH01 _h1000 |
||
| 590 |
_aCONVERSION _b10 _c20130109 _lUCH01 _h1356 |
||
| 650 | 1 | 4 |
_aCítricos _xIndustria. _924439 |
| 650 | 1 | 4 |
_aCítricos _xMercadeo. _924449 |
| 650 | 1 | 4 |
_aCítricos _xRendimiento. _924463 |
| 830 | 0 |
_aSerie especial Folleto _v; 24 |
|
| 901 | _aBK | ||
| 942 | _cFOLL | ||
| 949 |
_aFolleto 18081 _bBC _cFOLL _d33724002312090 _eTS1 _gDonaciØn _i113902 _sb |
||
| 999 |
_c102241 _d102241 |
||